Europe after enlargement

Guardado en:
Detalles Bibliográficos
Otros Autores: Ǻslund, Anders, Dabrowski, Marek
Formato: Libro
Lenguaje:inglés
Publicado: Cambridge Cambridge University Press 2007
Materias:
Etiquetas: Agregar Etiqueta
Sin Etiquetas, Sea el primero en etiquetar este registro!

MARC

LEADER 00000nam$a2200000$$$4500
001 0105058
005 20240315121716.9
020 |a 978-0-521-87286-7 
041 0 |a eng 
044 |a GB 
245 1 0 |a Europe after enlargement  |c edited by: Anders Aslund, Marek Dabrowski 
264 1 |a Cambridge  |b Cambridge University Press  |c 2007 
300 |a 239 s. 
610 2 0 |a integrácia ekonomická medzinárodná 
610 2 0 |a vzťahy hospodárske medzinárodné 
610 2 0 |a problémy globálne 
610 2 0 |a konkurencieschopnosť 
610 2 0 |a politika sociálna 
610 2 0 |a politika fiškálna 
610 2 0 |a politika hospodárska 
610 2 0 |a reformy 
610 2 0 |a porovnanie medzinárodné 
610 2 0 |a Európska únia 
610 2 0 |a Európa 
700 1 |a Ǻslund, Anders 
700 1 |a Dabrowski, Marek